Statistics for Countries with the Longest Life Expectancy

Click here to take the quiz!

General Stats

  • This quiz has been taken 41 times
  • The average score is 7 of 10

Answer Stats

MaleFemaleBothAnswer% Correct
81.9188.0985.03Japan
95%
81.6984.9783.33Sweden
85%
82.0885.8083.94Australia
80%
82.1584.9083.52Iceland
80%
81.9085.9784.01Italy
80%
80.4686.4283.50South Korea
75%
81.2786.6883.99Spain
65%
82.4286.0284.25Switzerland
58%
81.9884.9183.49Israel
55%
82.0686.1584.07Singapore
53%

Score Distribution

Percentile by Number Answered

Percent of People with Each Score

Your Score History

You have not taken this quiz